| 000 | 00580nam a22002057a 4500 | ||
|---|---|---|---|
| 003 | OSt | ||
| 005 | 20140310182906.0 | ||
| 008 | 130128t xxu||||| |||| 00| 0 eng d | ||
| 020 | _a9715554784 | ||
| 050 |
_aPL 5532 _b.Sa195 2004 |
||
| 082 |
_aFIL 809.89599 _2S196 2004 |
||
| 245 |
_aHimagsik _bpakikibaka tungo sa mapagpalayang kultura _cSan Juan Jr., E. |
||
| 260 |
_aMaynila : _bDe La Salle University Press, _cc2004 |
||
| 300 |
_a208 p. ; _c23 cm. |
||
| 521 | _acollege students | ||
| 526 | _c1210L-1710L | ||
| 541 | _j1 | ||
| 562 | _e1 | ||
| 942 |
_2lcc _cBK _kFIL |
||
| 999 |
_c17157 _d17157 |
||